| 000 | 00780nam a22001937a 4500 | ||
|---|---|---|---|
| 999 |
_c1433 _d1433 |
||
| 001 | 11016 | ||
| 003 | BD-DhUAP | ||
| 005 | 20200206142252.0 | ||
| 008 | 200206s2007 bg ||||| |||| 00| 0 bend | ||
| 040 |
_aBD-DhUAP _bBen _cBD-DhUAP _dBD-DhUAP |
||
| 082 |
_223 _a348.5492022 BAN |
||
| 245 |
_aবাংলাদেশ কোড : _b২০০৩ সনের ৩২ নং আইন হইতে ২০০৫ সনের ২৮ নং আইন পর্যন্ত। |
||
| 260 |
_aঢাকা : _bআইন, বিচার ও সংসদ বিষয়ক মন্ত্রণালয়, _c২০০৭। |
||
| 300 |
_aখণ্ড ; _c২৪ সেমি.। |
||
| 505 | _aখণ্ড ৩৬-- | ||
| 650 |
_aLaw _zBangladesh. |
||
| 710 | _aBangladesh. | ||
| 942 |
_2ddc _cBK |
||